00353nam a2200145Ia 45000030006000000080041000060400015000471000019000622450034000812500006001152600049001213000006001705460014001760050017001900STCL150530s9999 xx 000 0 und d aSTCLcSTCL aMohanraj, V.M. aSasthram Pareekshanagaliloode a4 bVidhyarthi Mithram; Kottayamc1994aKottayam a0 aMalayalam20220125171628.0